| 000 | 00721nam a2200241Ia 4500 | ||
|---|---|---|---|
| 005 | 20240105121150.0 | ||
| 008 | 131103s9999 xx 000 0 und d | ||
| 020 |
_a8126017880 _cRs 150 |
||
| 040 | _aLoreto College | ||
| 041 | _aEnglish | ||
| 082 |
_a894.811 _bSUB |
||
| 100 | _aSubramanian, A.V. | ||
| 245 |
_aSrngarapadyavali, _b _cBy A.V. Subramanian |
||
| 250 | _aVerse translation in Sanskrit and English of Sangam classic Kuruntokai | ||
| 260 |
_aNew Delhi _bSahitya Akademi _c2003 |
||
| 300 | _a226p | ||
| 630 | _aEnglish translation of Tamil Poetry | ||
| 630 | _aTamil Poetry | ||
| 650 | _aSanskrit translation of Tamil Poetry | ||
| 651 | _aLiterature in Tamil | ||
| 850 | _aLCLIB | ||
| 942 | _cBK | ||
| 999 |
_c36049 _d86528 |
||